| 000 | 00703nam a22001937a 4500 | ||
|---|---|---|---|
| 005 | 20251108164142.0 | ||
| 008 | 250721s1999 xx 000 0 ara d | ||
| 082 | 1 | 4 | _a796.4/رضو |
| 100 | 1 | _aرضوان، محمد نصر الدين | |
| 245 | 1 | 0 | _aتسعه و تسعين تمرينا للقوة العضلية و المرونة الحركية لجميع الأنشطة الرياضية / |
| 264 | 1 |
_aالقاهرة : _bمركز الكتاب للنشر، _c1999. |
|
| 300 | _a150ص | ||
| 650 | 1 | 7 | _aالتمرينات الرياضية |
| 650 | 1 | 7 | _aاللياقة البدنية |
| 650 | 1 | 7 | _aالمرونة |
| 700 | 1 | _aمنصور، أحمد المتولي | |
| 942 |
_2ddc _cBK |
||
| 999 |
_c4956 _d4956 |
||